Statistics for 6 Letter Pokémon names

Click here to take the quiz!

General Stats

  • This quiz has been taken 334 times
    (182 since last reset)
  • The average score is 54 of 157

Answer Stats

GenAnswer% Correct
IICelebi
72%
IICrobat
55%
IGolbat
55%
IRaichu
53%
IPidgey
52%
VIILitten
50%
IOddish
50%
IZapdos
50%
IMeowth
48%
IMewtwo
48%
IIRaikou
48%
ISeadra
48%
IHorsea
47%
IMachop
47%
IVPiplup
47%
IIISwablu
47%
IVulpix
47%
IICleffa
45%
IIMareep
45%
IWeedle
45%
IIIAggron
43%
IIEspeon
43%
IGastly
43%
IIILileep
43%
IIIPlusle
43%
VIIRowlet
43%
IIISpinda
43%
ITauros
43%
IIILairon
41%
IMankey
41%
VPidove
41%
VDewott
40%
IFearow
40%
IVGabite
40%
IGengar
40%
IGrimer
40%
IKabuto
40%
ILapras
40%
IIMarill
40%
IVSnover
40%
VWoobat
40%
IVCombee
38%
IIIDustox
38%
IKakuna
38%
IIIKirlia
38%
IILedian
38%
IPinsir
38%
IPonyta
38%
IIISeedot
38%
IVStarly
38%
VTynamo
38%
IIIBeldum
36%
IVBidoof
36%
IIICacnea
36%
IIElekid
36%
IIIGlalie
36%
IKrabby
36%
IIILombre
36%
IMagmar
36%
IIIMetang
36%
IIISkitty
36%
IIISpoink
36%
IStaryu
36%
VIIIWooloo
36%
IIWooper
36%
IIIBaltoy
34%
ICubone
34%
IDodrio
34%
IIFurret
34%
VJoltik
34%
IILedyba
34%
IVLuxray
34%
VISkiddo
34%
IISwinub
34%
IITogepi
34%
IIIWynaut
34%
VYamask
34%
IVChatot
33%
VIICosmog
33%
IIIDeoxys
33%
VEmboar
33%
VEmolga
33%
IIIFeebas
33%
VIGogoat
33%
VIGoodra
33%
IIIKyogre
33%
IVMothim
33%
IMr. Mime
33%
IIIMudkip
33%
VPatrat
33%
IVPhione
33%
IIIRegice
33%
VIIISobble
33%
IIISpheal
33%
IVBuizel
31%
VDurant
31%
IIIFlygon
31%
IVGrotle
31%
IIIGulpin
31%
IIILatias
31%
IIILatios
31%
IXQuaxly
31%
IRhydon
31%
IISlugma
31%
VISpewpa
31%
IIISwalot
31%
VIIBewear
29%
IIHoppip
29%
VILitleo
29%
IVMime Jr.
29%
IIPhanpy
29%
IIScizor
29%
VISkrelp
29%
IVStunky
29%
VIAmaura
28%
VArchen
28%
IVBonsly
28%
VElgyem
28%
VIEspurr
28%
VIKlefki
28%
VINoibat
28%
VIPyroar
28%
IIISealeo
28%
VIIIYamper
28%
VIIIZacian
28%
VZekrom
28%
IVArceus
26%
VIIICarkol
26%
VIIComfey
26%
IVDialga
26%
IIGligar
26%
VGolett
26%
VKyurem
26%
IIIMawile
26%
VIIIMr. Rime
26%
IVPalkia
26%
IIPineco
26%
VIIIRaboot
26%
VIIIZarude
26%
VAudino
24%
VSwanna
24%
VITyrunt
24%
VIIIApplin
22%
VIIIDreepy
22%
VGolurk
22%
VKeldeo
22%
VIIKommo-o
22%
VIILunala
22%
VIIINickit
22%
VIIICufant
21%
VIIDrampa
21%
VIIKomala
21%
VIIMinior
21%
VIIWimpod
21%
VIIMeltan
16%
VIIIEiscue
14%
IXSmoliv
14%

Score Distribution

Percentile by Number Answered

Percent of People with Each Score

Your Score History

You have not taken this quiz since the last reset